<?xml version="1.0" encoding="UTF-8"?>
<record
    xmlns:xsi="http://www.w3.org/2001/XMLSchema-instance"
    xsi:schemaLocation="http://www.loc.gov/MARC21/slim http://www.loc.gov/standards/marcxml/schema/MARC21slim.xsd"
    xmlns="http://www.loc.gov/MARC21/slim">

  <leader>00921nam a22002417a 4500</leader>
  <datafield tag="999" ind1=" " ind2=" ">
    <subfield code="c">22443</subfield>
    <subfield code="d">22443</subfield>
  </datafield>
  <controlfield tag="003">AR-CdUCM</controlfield>
  <controlfield tag="008">190425b           ||||| |||| 00| 0 spa d</controlfield>
  <datafield tag="020" ind1=" " ind2=" ">
    <subfield code="a">9786124814105</subfield>
  </datafield>
  <datafield tag="040" ind1=" " ind2=" ">
    <subfield code="a">MUNICIPALIDAD PROVINCIAL DEL CUSCO</subfield>
    <subfield code="c">BIBLIOTECA MUNICIPAL DEL CUSCO</subfield>
  </datafield>
  <datafield tag="082" ind1=" " ind2=" ">
    <subfield code="a">796.334092/T79</subfield>
    <subfield code="b">T79</subfield>
  </datafield>
  <datafield tag="100" ind1=" " ind2=" ">
    <subfield code="a">Trelles Ar&#xE9;stegui, Efra&#xED;n</subfield>
  </datafield>
  <datafield tag="245" ind1=" " ind2=" ">
    <subfield code="a">Bal&#xF3;n y poder :</subfield>
    <subfield code="b">Lolo Fern&#xE1;ndez y el sue&#xF1;o colectivo de los peruanos en el siglo XX /</subfield>
    <subfield code="c">[Efra&#xED;n Trelles Ar&#xE9;stegui].</subfield>
  </datafield>
  <datafield tag="260" ind1=" " ind2=" ">
    <subfield code="a">Lima :</subfield>
    <subfield code="b">Colegio Trener,</subfield>
    <subfield code="b">Tarea Asociaci&#xF3;n Gr&#xE1;fica Educativa,</subfield>
    <subfield code="c">2019.</subfield>
  </datafield>
  <datafield tag="300" ind1=" " ind2=" ">
    <subfield code="a">413 p&#xE1;ginas, [24] p&#xE1;ginas de l&#xE1;minas. :</subfield>
    <subfield code="b">ilustraciones ;</subfield>
    <subfield code="c">22 cm.</subfield>
  </datafield>
  <datafield tag="500" ind1=" " ind2=" ">
    <subfield code="z">Bibliograf&#xED;a: p. 411-413.</subfield>
  </datafield>
  <datafield tag="650" ind1=" " ind2=" ">
    <subfield code="a">Fern&#xE1;ndez, Lolo</subfield>
    <subfield code="9">48200</subfield>
  </datafield>
  <datafield tag="650" ind1=" " ind2=" ">
    <subfield code="a">Futbolistas</subfield>
    <subfield code="9">48201</subfield>
  </datafield>
  <datafield tag="650" ind1=" " ind2=" ">
    <subfield code="a">F&#xFA;tbol</subfield>
    <subfield code="9">48202</subfield>
  </datafield>
  <datafield tag="650" ind1=" " ind2=" ">
    <subfield code="a">Historia del F&#xFA;tbol</subfield>
    <subfield code="9">12344</subfield>
  </datafield>
  <datafield tag="710" ind1=" " ind2=" ">
    <subfield code="a">Colegio Trener (Lima)</subfield>
    <subfield code="9">48203</subfield>
  </datafield>
  <datafield tag="942" ind1=" " ind2=" ">
    <subfield code="2">ddc</subfield>
    <subfield code="c">LIBROS</subfield>
  </datafield>
  <datafield tag="945" ind1=" " ind2=" ">
    <subfield code="a">rac</subfield>
  </datafield>
  <datafield tag="952" ind1=" " ind2=" ">
    <subfield code="0">0</subfield>
    <subfield code="2">ddc</subfield>
    <subfield code="4">0</subfield>
    <subfield code="7">0</subfield>
    <subfield code="a">SA</subfield>
    <subfield code="b">SA</subfield>
    <subfield code="c">CART</subfield>
    <subfield code="d">2022-07-20</subfield>
    <subfield code="e">Donaci&#xF3;n</subfield>
    <subfield code="g">80.00</subfield>
    <subfield code="o">796.334092/T79</subfield>
    <subfield code="p">SA0000000731</subfield>
    <subfield code="r">2022-07-20</subfield>
    <subfield code="y">LIBROS</subfield>
  </datafield>
  <datafield tag="952" ind1=" " ind2=" ">
    <subfield code="0">0</subfield>
    <subfield code="2">ddc</subfield>
    <subfield code="4">0</subfield>
    <subfield code="7">0</subfield>
    <subfield code="a">SA</subfield>
    <subfield code="b">SA</subfield>
    <subfield code="c">CART</subfield>
    <subfield code="d">2022-07-20</subfield>
    <subfield code="e">Donaci&#xF3;n</subfield>
    <subfield code="g">80.00</subfield>
    <subfield code="o">796.334092/T79/e.2</subfield>
    <subfield code="p">SA0000000732</subfield>
    <subfield code="r">2022-07-20</subfield>
    <subfield code="y">LIBROS</subfield>
  </datafield>
</record>
